| 000 | 01258cam a2200337 a 4500 | ||
|---|---|---|---|
| 001 | 238960 | ||
| 003 | OSt | ||
| 005 | 20220331132545.0 | ||
| 008 | 990212s1999 caua 001 0 eng d | ||
| 010 | _a 99211201 | ||
| 020 |
_a0201353946 (pbk.) : _c$24.99 ($37.50 Can.) |
||
| 035 | _a(DLC) 99211201 | ||
| 035 | _a(OCoLC)40782171 | ||
| 040 |
_aWaMaS _cHU _dNBuBE _dDLC |
||
| 042 | _alccopycat | ||
| 050 | 0 | 0 |
_aZ257 _b.C74 1999 |
| 082 | 0 | 0 |
_a686.2/252 COH1999 _221 |
| 100 | 1 |
_aCohen, Sandee, _d1948- _934832 |
|
| 245 | 1 | 4 |
_aThe non-designer's scan and print book : _ball you need to know about production and prepress to get great-looking pages / _cSandee Cohen and Robin Williams. |
| 260 |
_aBerkeley, Calif. : _bPeachpit Press, _cc1999. |
||
| 300 |
_axvi, 263 p. : _bill. ; _c28 cm. |
||
| 500 | _aIncludes index. | ||
| 650 | 0 |
_aPictures _xPrinting _xData processing. _934833 |
|
| 650 | 0 |
_aColor printing _xData processing. _934834 |
|
| 650 | 0 |
_aDesktop publishing. _934835 |
|
| 700 | 1 |
_aWilliams, Robin, _d1953- _934836 |
|
| 906 |
_a7 _bcbc _ccopycat _d2 _encip _f19 _gy-gencatlg |
||
| 942 |
_2ddc _cBOOKS _n0 |
||
| 999 |
_c34057 _d34057 |
||